LEADER 01559nam a2200349 a 4500 001 000000124469 003 CaOOAMICUS 005 20120207121350.0 008 110302s2010 it u000 u ita r 020 $a978-88-13-30041-8 (v. 10) 040 $aPUL$bita 082 04$a347 245 03$aLe tutele sommarie :$bi procedimenti per decreto ingiuntivo e per convalida di sfratto, i procedimenti possessori /$c[a cura di Giovanni Arieta]. 260 $aPadova :$bCEDAM,$c©2010. 300 $aXX, 604 p. ;$c25 cm. 490 1 $aTrattato di diritto processuale civile ;$v10 500 $aContiene indici. 500 $a2. ed. della collana. 504 $aBibliografia in nota. 650 4$aDiritto processuale civile.$0(OLS)http://pul/subject/1785 650 4$aProcedura civile.$0(OLS)http://pul/subject/1677 700 1 $aArieta, Giovanni.$0(OLS)http://pul/name/42650 830 0$aTrattato di diritto processuale civile ;$v10.$0(OLS)http://pul/title/161118 850 $aPUL 852 $aPUL$W1$xSL Diritto e Scienze Sociali 3$y79$m347 ARIGI 1.10$j147534$qDDC 21$B146166$CPULBib$Z2$F146166 $H115751 $82 941 1 $a9 996 $6020$a978-88-13-30041-8 (v. 10)$9(OLS)http://pul/number/146481 996 $6082$a347$9(OLS)http://pul/classification/450 996 $6245$aLe tutele sommarie :$bi procedimenti per decreto ingiuntivo e per convalida di sfratto, i procedimenti possessori$9(OLS)http://pul/title/161117 996 $6260$aPadova :$bCEDAM$9(OLS)http://pul/publisher/48126 LEADER 01307nam a2200313 u 4500 001 000000082343 003 CaOOAMICUS 005 20070226123843.0 008 050412s2004 gw u000 u ger u 035 $a11038610 040 $aPUL$bita 100 1 $aRahner, Karl,$cS.I.,$d1904-1984.$0(OLS)http://pul/name/3587 245 10$aGebete des Lebens /$cKarl Rahner ; hrg. von Albert Raffelt ; mit einer Einführung von Karl Kardinal Lehmann. 260 $aFreiburg :$bHerder,$cc2004. 300 $a188 p. ;$c21 cm 490 1 $aBeten mit Karl Rahner ; ;$vBd. 2 504 $aInclude riferimenti bibliografici. 650 4$aTrinità.$0(OLS)http://pul/subject/2463 700 1 $aLehmann, Karl,$d1936-$0(OLS)http://pul/name/31067 700 1 $aRaffelt, Albert.$0(OLS)http://pul/name/40537 830 0$aBeten mit Karl Rahner ;,$x3451283859 ;$vBd. 2.$0(OLS)http://pul/title/107615 850 $aPUL 852 $aPUL$W1$xSL Religione 3$y85$m242. 802 RAHKA 1$j120282$nBK-PRI$qDDC 21$B104939$CPULBib$Z2$F104939 $H97828 $82 941 1 $a9 960 $aTeologia trinitaria$92463 960 $aTeologia trinitaria$92463 961 $aZia Filippa 996 $6245$aGebete des Lebens$9(OLS)http://pul/title/107620 996 $6260$aFreiburg :$bHerder$9(OLS)http://pul/publisher/48354